La vida privada de los árboles
সংরক্ষণ করুন:
| প্রধান লেখক: | |
|---|---|
| বিন্যাস: | গ্রন্থ |
| ভাষা: | স্প্যানিশ |
| প্রকাশিত: |
Barcelona
Anagrama
2015
|
| সংস্করন: | 5a. ed |
| মালা: | Narrativas Hispánicas, 416
|
| বিষয়গুলি: | |
| ট্যাগগুলো: |
ট্যাগ যুক্ত করুন
কোনো ট্যাগ নেই, প্রথমজন হিসাবে ট্যাগ করুন!
|
MARC
| LEADER | 00000cam a2200000 a 4500 | ||
|---|---|---|---|
| 001 | UCD0927 | ||
| 003 | CL-VaPUC | ||
| 008 | 151231e20150000sp |||||||||||||||||spa|d | ||
| 020 | |a 9788433971548 | ||
| 082 | 0 | 4 | |a Ch863 |b ZAM |2 21 |
| 100 | 0 | |a Zambra Infantas, Alejandro |e author |9 583957 | |
| 245 | 1 | 3 | |a La vida privada de los árboles |
| 250 | |a 5a. ed | ||
| 300 | |a 117 p | ||
| 942 | |c BK | ||
| 945 | |d 20151231 00:34:00 |a dcastane | ||
| 260 | |a Barcelona |b Anagrama |c 2015 | ||
| 650 | 0 | |a Novelas chilenas |9 265425 | |
| 650 | 0 | |a Literatura chilena |9 308278 | |
| 583 | |a last modification |c 20151231 00:34:00 |k Rodrigo Vera | ||
| 490 | 0 | |a Narrativas Hispánicas, 416 | |
| 999 | |c 362364 |d 362362 | ||
| 952 | |0 0 |1 0 |3 erb |4 0 |6 CH_863_000000000000000_ZAM_2015 |7 0 |8 R |9 473469 |a BIBEDU |b BIBEDU |c MCIRC |i 5258359 |l 5 |m 2 |o Ch863 ZAM 2015 |p 5258359 |r 2024-11-20 |s 2024-11-13 |w 2019-11-24 |y BK_R |z Catalogado en:20151231 |k LIT | ||